The merchant of venice / (Record no. 347026)

000 -LEADER
fixed length control field 01112 a2200193 4500
020 ## - INTERNATIONAL STANDARD BOOK NUMBER
International Standard Book Number 1840224312 (paperback)
020 ## - INTERNATIONAL STANDARD BOOK NUMBER
International Standard Book Number 9781840224313 (paperback)
082 04 - DEWEY DECIMAL CLASSIFICATION NUMBER
Classification number 822
090 ## - LOCALLY ASSIGNED LC-TYPE CALL NUMBER (OCLC); LOCAL CALL NUMBER (RLIN)
-- 4584
-- 4584
100 1# - MAIN ENTRY--PERSONAL NAME
Personal name Shakespeare, William.
245 14 - TITLE STATEMENT
Title The merchant of venice /
Statement of responsibility, etc. William Shakespeare.
260 ## - PUBLICATION, DISTRIBUTION, ETC.
Place of publication, distribution, etc. [S.l.] :
Name of publisher, distributor, etc. Wordsworth Editions Ltd,
Date of publication, distribution, etc. 1997.
300 ## - PHYSICAL DESCRIPTION
Extent 128 p. ;
Dimensions 19 cm.
490 1# - SERIES STATEMENT
Series statement Wordsworth classics.
520 ## - SUMMARY, ETC.
Summary, etc. Edited, introduced and annotated by Cedric Watts, Professor of English Literature, University of Sussex The Merchant of Venice is one of Shakespeare's most popular comedies, but it remains deeply controversial. The text may well seem anti-Semitic; yet repeatedly, in performance, it has revealed a contrasting nature. Shylock, though vanquished in the law-court, often triumphs in the theatre. He is a character so intense that he can dominate the play, challenging abrasively its romantic and lyrical affirmations.
830 #0 - SERIES ADDED ENTRY--UNIFORM TITLE
Uniform title Wordsworth classics.
856 40 - ELECTRONIC LOCATION AND ACCESS
Materials specified Amazon.com
Uniform Resource Identifier <a href="http://www.amazon.com/exec/obidos/ASIN/1840224312/chopaconline-20">http://www.amazon.com/exec/obidos/ASIN/1840224312/chopaconline-20</a>
942 ## - ADDED ENTRY ELEMENTS (KOHA)
Institution code [OBSOLETE] NBS
Koha item type Book
Call number prefix 822.3 SHA
Holdings
Withdrawn status Lost status Damaged status Not for loan Permanent Location Current Location Date acquired Total Checkouts Total Renewals Full call number Barcode Date last seen Date last checked out Price effective from Koha item type
        Central Library (CL) Central Library (CL) 08/28/2013 4 4 822.3 SHA NBS5584 10/03/2025 09/27/2025 08/28/2013 Book
© 2023 Central Library, National University of Sciences and Technology. All Rights Reserved.